Marvel Characters by Picture #6 - Statistics

General Stats
  • This quiz has been taken 165 times
  • The average score is 11 of 15
Answer Stats
Picture Answer % Correct
Moon Knight
93%
Yondu
93%
Black Cat
87%
Electro
84%
Cable
83%
Agent Coulson
78%
Nova
77%
Uatu the Watcher
77%
Spider-Woman
76%
Ego the Living Planet
74%
Shang-Chi
60%
Valkyrie
54%
Werewolf by Night
54%
Ka-Zar
39%
Misty Knight
37%
No matching quizzes found
Score Distribution
Percent of People with Each Score
Percentile by Number Answered
Your Score History
You have not taken this quiz